000 00398nam a2200145Ia 4500
008 210716s1982 xx 000 0 und d
020 _a0471279927
041 _aeng
082 _a153.44 BAST
100 _aBastick, Tony.
245 _aIntuition: how we think and act.
_bhow we think and act.
260 _aNew York
_bJohn Wiley & sons
_c1982
300 _axxiv,494
650 _aGeneral Management
999 _c198912
_d198912